000 00252nam a22001097a 4500
008 170117b xxu||||| |||| 00| 0 eng d
020 _a9781582555607
041 _aeng
080 _a618.2
245 _aCRITICAL CARE NURSING
_cALLEN, K.D
942 _2udc
_cBK
999 _c3004
_d3004